[Event "Let's Play Chess!"]
[Site "http://www.queenalice.com/game.php?id=172455"]
[Date "2007.2.22"]
[Round "-"]
[White "Marcell"]
[Black "outsider"]
[Result "0-1"]
[WhiteElo "1409"]
[BlackElo "1297"]

1. d4 e6 2. Nc3 d5 3. e4 Bb4 4. Bd2 Bxc3 5. Bxc3 dxe4 6. d5 Nf6 7. dxe6 Qxd1+ 8.
Rxd1 Bxe6 9. Bxf6 gxf6 10. b3 Nc6 11. Bb5 O-O 12. Ne2 Nb4 0-1

[Event "Let's Play Chess!"]
[Site "http://www.queenalice.com/game.php?id=172789"]
[Date "2007.2.23"]
[Round "-"]
[White "mamag"]
[Black "outsider"]
[Result "1-0"]
[WhiteElo "1396"]
[BlackElo "1475"]

1. e4 d6 2. Bc4 e6 3. Qf3 Qf6 4. Qxf6 Nxf6 5. Na3 Nxe4 6. f3 Nf6 7. Nb5 Na6 8.
d3 d5 9. Bb3 c6 10. Nd4 e5 11. Nde2 d4 12. h3 Bd7 13. f4 exf4 14. Nxf4 Bb4+ 15.
Bd2 O-O-O 16. c3 dxc3 17. bxc3 Rde8+ 18. Nge2 Bd6 19. Bxf7 Re7 20. Bc4 Nc5 21.
a4 g5 22. d4 Nce4 23. d5 gxf4 24. Bxf4 Bxf4 25. dxc6 Bxc6 26. Rf1 Bg3+ 27. Kd1
Rd8+ 28. Nd4 Nxc3+ 29. Kc2 Nxa4 30. Nxc6 bxc6 31. Rxa4 Nd5 32. Bxd5 cxd5 33. Kd3
Rde8 34. Rf5 Re3+ 35. Kd2 Re2+ 36. Kd1 Re1+ 37. Kd2 R8e2+ 38. Kd3 Re3+ 39. Kd2
Bb8 40. Rxd5 R3e2+ 41. Kd3 Rd1+ 42. Kxe2 Rxd5 43. Rc4+ Kd7 44. g4 Bg3 45. Rc3
Re5+ 46. Kf1 Re1+ 47. Kg2 Bh4 48. Rd3+ Kc6 49. Rc3+ Kb5 50. Rc7 Re7 51. Rc3 a5
52. Rc8 a4 53. Kf3 a3 54. Rb8+ Kc4 55. Ra8 Kb3 56. Rb8+ Kc4 57. Rc8+ Kb5 58.
Rb8+ Kc4 59. Rc8+ Kb3 60. Rb8+ Ka2 61. Rb6 Rf7+ 62. Ke4 Rf2 63. Kd3 Rf3+ 64. Kc2
Rf2+ 65. Kc3 Ka1 66. Kb3 a2 67. Ka4 Rb2 68. Rd6 Kb1 69. Rd1+ Kc2 70. Ra1 Bf6 71.
Ka3 Rb3+ 72. Kxa2 Bxa1 73. Kxa1 1-0

[Event "Let's Play Chess!"]
[Site "http://www.queenalice.com/game.php?id=172941"]
[Date "2007.2.23"]
[Round "-"]
[White "apitolb"]
[Black "outsider"]
[Result "0-1"]
[WhiteElo "1094"]
[BlackElo "1100"]

1. e4 d6 2. d4 Nf6 3. f3 Nc6 4. c3 e5 5. dxe5 dxe5 6. Qxd8+ Nxd8 7. Bb5+ c6 8.
Bc4 b5 9. Bd3 Ne6 10. Ne2 Bc5 11. b4 Bb6 12. Nd2 O-O 0-1

[Event "Challenge"]
[Site "http://www.queenalice.com/game.php?id=173194"]
[Date "2007.2.23"]
[Round "-"]
[White "danielguerrab"]
[Black "outsider"]
[Result "0-1"]
[WhiteElo "1100"]
[BlackElo "1468"]

1. d4 e6 2. e4 d5 3. Nc3 Bb4 4. Bd2 Nf6 5. f3 Bxc3 6. Bxc3 dxe4 7. fxe4 Nxe4 8.
Ne2 Nxc3 9. Nxc3 O-O 10. h4 b6 11. Bb5 Bb7 12. O-O Qxh4 13. Qe1 Qxd4+ 14. Kh2
Qg4 15. Be2 Qxg2# 0-1

[Event "Let's Play Chess!"]
[Site "http://www.queenalice.com/game.php?id=174258"]
[Date "2007.2.26"]
[Round "-"]
[White "Slazenger"]
[Black "outsider"]
[Result "0-1"]
[WhiteElo "1061"]
[BlackElo "1476"]

1. f4 e6 2. e4 e5 3. fxe5 Qh4+ 4. g3 Qxe4+ 5. Qe2 Qxh1 6. Nf3 h6 7. d4 Nc6 8. c3
Nge7 9. Kd2 d6 10. Bg2 Qxc1+ 11. Kxc1 dxe5 12. dxe5 Bg4 13. Qe4 Bf5 14. Qa4 Bd7
15. Bf1 Nxe5 16. Qd1 Ng4 17. Qe2 f6 18. Bh3 O-O-O 19. Nd4 f5 20. Nd2 a6 21. Nc4
Nd5 22. Bg2 Re8 23. Qd2 Be7 24. Bxd5 Bg5 0-1

[Event "Challenge55"]
[Site "http://www.queenalice.com/game.php?id=174605"]
[Date "2007.2.27"]
[Round "-"]
[White "jamesrl"]
[Black "outsider"]
[Result "1-0"]
[WhiteElo "1974"]
[BlackElo "1561"]

1. d4 e6 2. c4 d5 3. Nc3 dxc4 4. e3 e5 5. Bxc4 exd4 6. Qxd4 Qxd4 7. exd4 Nc6 8.
Nf3 Nf6 9. O-O Be7 10. Re1 O-O 11. Bxf7+ Rxf7 12. Ng5 Rf8 13. d5 Nb4 14. Rxe7
Nfxd5 15. Nxd5 Nxd5 16. Re5 Nb4 17. Be3 Nd3 18. Re7 Bg4 19. Rxc7 b6 20. Bd4 Rxf2
21. Bxf2 Nxf2 22. Kxf2 h6 23. Ne4 Rf8+ 24. Kg3 Bf5 25. Nd6 Bg6 26. Rc8 a5 27.
Rxf8+ Kxf8 28. Nc4 1-0

[Event "Make it right!"]
[Site "http://www.queenalice.com/game.php?id=179080"]
[Date "2007.3.9"]
[Round "-"]
[White "outsider"]
[Black "lukas2007"]
[Result "1-0"]
[WhiteElo "1500"]
[BlackElo "1143"]

1. e4 d5 2. e5 d4 3. d3 e6 4. Be2 Bb4+ 5. Bd2 a5 6. c3 dxc3 7. bxc3 Be7 8. a4
Qd5 9. Nf3 h6 10. c4 Qc5 11. d4 Qc6 12. c5 b6 13. Bb5 Qd7 14. Bxd7+ Bxd7 15.
cxb6 cxb6 16. O-O g5 17. Qb3 Ra6 18. Na3 f5 19. Nc4 g4 20. Nd6+ Bxd6 21. exd6
gxf3 22. Qxf3 Bc6 23. d5 Bxd5 24. Qh5+ Kd7 25. Qf7+ Kxd6 26. Qf8+ Kd7 27. Qg7+
Ne7 28. Qxh8 Bc4 29. Rfd1 Ra8 30. Bf4+ Nd5 31. Bxb8 Bb3 32. Rd2 Rxb8 33. Qxb8
Ke7 34. Rc1 Nf6 35. Rc7+ Nd7 36. Rdxd7+ 1-0

[Event "Challenge"]
[Site "http://www.queenalice.com/game.php?id=179873"]
[Date "2007.3.10"]
[Round "-"]
[White "outsider"]
[Black "cassi12"]
[Result "1-0"]
[WhiteElo "1494"]
[BlackElo "1140"]

1. e4 e5 2. Nf3 d6 3. d4 Be6 4. dxe5 Nc6 5. Bb5 a6 6. Bxc6+ Bd7 7. Bxb7 Rb8 8.
Bxa6 dxe5 9. Nxe5 Bb4+ 10. c3 Bc5 11. Nxf7 Qf6 12. Qf3 Qxa6 13. Nxh8 Qc4 14.
Qh5+ g6 15. Qe5+ Be6 16. Qxc7 Qxe4+ 17. Be3 Qxg2 18. Qxb8+ Kd7 19. Qb5+ Kd6 20.
Qxc5+ Kd7 21. Qa7+ Kd6 22. Nd2 Qxh1+ 23. Nf1 Bh3 24. Nf7+ Ke6 25. Ng5+ Kf6 26.
Nxh3 Qf3 27. Qb6+ Kf7 28. Ng5+ 1-0

[Event "Let's Play Chess!"]
[Site "http://www.queenalice.com/game.php?id=181231"]
[Date "2007.3.13"]
[Round "-"]
[White "outsider"]
[Black "Matman"]
[Result "1-0"]
[WhiteElo "1504"]
[BlackElo "1666"]

1. e4 d5 2. Nf3 dxe4 3. Ng5 f5 4. Bc4 Nh6 5. d3 Qd4 6. c3 Qe5 7. d4 Qd6 8. d5 c6
9. dxc6 Qxd1+ 10. Kxd1 Nxc6 11. Be6 g6 12. Bxc8 Rxc8 13. Ne6 Ng4 14. Ke1 Nce5
15. Nf4 Nd3+ 16. Nxd3 exd3 17. Nd2 Bh6 18. h3 Ne5 19. Nb3 Bxc1 20. Rxc1 Rd8 21.
Rd1 O-O 22. Nd4 Rd5 23. f4 Nc4 24. Rxd3 Nxb2 25. Re3 Kf7 26. Ke2 Rfd8 27. Rb1
Nc4 28. Rd3 b6 29. Rb5 e6 30. Rxd5 Rxd5 31. Nc6 a5 32. Rxd5 exd5 33. Kd3 Ke6 34.
Nd4+ Kd6 35. Nb5+ Kc5 36. Nd4 b5 37. Ne6+ Kc6 38. Kd4 b4 39. cxb4 axb4 40. Nd8+
Kd6 41. Nf7+ Ke6 42. Ng5+ Kd6 43. Nxh7 Nb2 44. g4 Na4 45. gxf5 gxf5 46. Nf6 Nb6
47. Ne8+ Ke6 48. Kc5 Ke7 49. Nc7 d4 50. Kxd4 Kd7 51. Nd5 1-0

[Event "Challenge"]
[Site "http://www.queenalice.com/game.php?id=181975"]
[Date "2007.3.14"]
[Round "-"]
[White "outsider"]
[Black "MaU"]
[Result "1-0"]
[WhiteElo "1441"]
[BlackElo "1484"]

1. e4 d6 2. Nf3 Nf6 3. Nc3 Nc6 4. d4 Bg4 5. Be2 h5 6. e5 Nh7 7. exd6 exd6 8. a3
Qe7 9. Be3 f6 10. Nd5 Qf7 11. c4 Be7 12. Nxc7+ Kd7 13. Nxa8 g5 14. d5 Bxf3 15.
Bxf3 Ne5 16. Qa4+ Kc8 17. Be4 f5 18. Qxa7 Bf6 19. Bxf5+ Kd8 20. Qb8+ Ke7 21.
Qxb7+ Kf8 22. Qxf7+ Nxf7 23. Nc7 Bxb2 24. Rb1 Bxa3 25. Ne6+ Ke7 26. Rb7+ Kf6 27.
Bd4+ Kxf5 28. Bxh8 Nxh8 29. Rxh7 Ng6 30. Rxh5 Ne5 31. Rxg5+ Ke4 32. O-O Nxc4 33.
Re1+ Kd3 34. Nf4+ Kd2 35. Re2+ Kc3 36. Rg3+ Kd4 37. Rxa3 Nxa3 38. h4 Nc2 39.
Rxc2 Ke4 40. Rc4+ Ke5 41. h5 Kf6 42. Rc6 Ke5 43. h6 Kxf4 44. h7 Ke4 45. h8=Q
Kxd5 46. Rc1 Ke6 47. Qd4 d5 48. Rc5 Kd6 49. Qxd5+ Ke7 50. Rc6 Ke8 51. Re6+ 1-0

[Event "Challenge"]
[Site "http://www.queenalice.com/game.php?id=181977"]
[Date "2007.3.14"]
[Round "-"]
[White "MaU"]
[Black "outsider"]
[Result "1-0"]
[WhiteElo "1465"]
[BlackElo "1527"]

1. e3 e6 2. Nf3 Nc6 3. c4 d5 4. cxd5 Qxd5 5. Nc3 Qd8 6. d4 Bb4 7. Bd2 Bxc3 8.
Bxc3 Nf6 9. Qa4 Bd7 10. Bb5 a6 11. Bxc6 Bxc6 12. Qb4 Nd5 13. Qc4 Nxc3 14. Qxc3
O-O 15. O-O-O Qd5 16. b3 f6 17. Rhe1 b5 18. e4 Qh5 19. Qxc6 Qh6+ 20. Re3 e5 21.
dxe5 Ra7 22. e6 f5 23. Qd5 Kh8 24. exf5 Re8 25. Ne5 Qf4 26. Rd2 c5 27. Qd8 Ra8
28. Qd3 c4 29. Qd5 cxb3 30. axb3 Rac8+ 31. Rc2 Rxc2+ 32. Kxc2 Qxf2+ 33. Kd3
Qxf5+ 34. Kd4 Qf6 35. Rf3 Qxe6 36. Qxe6 1-0

[Event "Gope You Win!!"]
[Site "http://www.queenalice.com/game.php?id=182482"]
[Date "2007.3.15"]
[Round "-"]
[White "Beyonder"]
[Black "outsider"]
[Result "0-1"]
[WhiteElo "1911"]
[BlackElo "1494"]

1. e4 Nc6 2. Bc4 e6 3. d4 d5 4. exd5 exd5 5. Bb5 Qe7+ 6. Ne2 Bd7 7. O-O O-O-O 8.
c3 Qf6 9. Ng3 Bd6 10. Nd2 Nge7 11. b4 Nf5 12. a4 Nb8 13. Qb3 c6 14. Bd3 Nh6 15.
b5 Ng4 16. h3 Nh6 17. Bb2 Bf4 18. Nf3 Bxg3 19. fxg3 Nf5 20. Ne5 g6 21. g4 Qg5
22. Nxd7 Qe3+ 23. Rf2 Ng3 24. bxc6 Nxc6 25. Nc5 Na5 26. Qc2 Nc4 27. Bxc4 dxc4
28. Kh2 b6 29. Na6 Ne4 30. Rf3 Qxf3 31. a5 Qg3+ 32. Kg1 Qe3+ 33. Kh2 Qg3+ 34.
Kh1 Nf2+ 35. Kg1 Nxh3+ 36. Kf1 Qf4+ 0-1

[Event "Let's Play Chess!"]
[Site "http://www.queenalice.com/game.php?id=194492"]
[Date "2007.4.10"]
[Round "-"]
[White "outsider"]
[Black "Barbudo"]
[Result "0-1"]
[WhiteElo "1496"]
[BlackElo "1557"]

1. e4 e5 2. Nf3 Nc6 3. Nc3 Bc5 4. Qe2 Nb4 5. Qd1 Nf6 6. Nxe5 O-O 7. a3 Nc6 8.
Nxc6 dxc6 9. b4 Bd4 10. Bb2 Nxe4 11. Nxe4 Re8 12. Bxd4 Qxd4 13. d3 f5 14. c3
Qxc3+ 15. Ke2 fxe4 16. d4 Bg4+ 17. f3 exf3+ 18. Kf2 Qb2+ 19. Kg1 f2# 0-1

[Event "Challenge"]
[Site "http://www.queenalice.com/game.php?id=197064"]
[Date "2007.4.15"]
[Round "-"]
[White "outsider"]
[Black "dinkoiliev"]
[Result "1-0"]
[WhiteElo "1459"]
[BlackElo "1597"]

1. e4 Nc6 2. Nf3 e5 3. d4 d6 4. dxe5 dxe5 5. Qxd8+ Kxd8 6. Nc3 Bd6 7. Be3 Nb4 8.
Rc1 Be6 9. Ng5 Nxa2 10. Nxa2 Bxa2 11. b3 Nh6 12. Ra1 f6 13. Ne6+ Kd7 14. Bc4 g5
15. Rxa2 a6 16. O-O b5 17. Bxb5+ axb5 18. Nc5+ Bxc5 19. Rxa8 Rxa8 20. Bxc5 Ra2
21. Rc1 c6 22. Bf8 Nf7 23. Bg7 Ke6 24. c3 Nd6 25. f3 c5 26. c4 b4 27. Bf8 Nb7
28. g4 Ra8 29. Bh6 Kf7 30. h4 Kg6 31. hxg5 fxg5 32. Bxg5 Kxg5 33. Rd1 Na5 34.
Rd5 Nxb3 35. Rxe5+ Kf4 36. Rf5+ Kg3 37. Kf1 Ra1+ 38. Ke2 Nd4+ 39. Kd3 Ra3+ 40.
Kd2 Kf2 41. Rxc5 Ra2+ 42. Kd3 Nxf3 43. e5 Rd2+ 44. Ke4 b3 45. e6 b2 46. Rb5 Re2+
47. Kd3 Ne5+ 48. Kc3 Nxg4 49. Rxb2 h5 50. Rxe2+ Kxe2 51. c5 Ne5 52. e7 1-0

[Event "Challenge"]
[Site "http://www.queenalice.com/game.php?id=197377"]
[Date "2007.4.15"]
[Round "-"]
[White "Kronista"]
[Black "outsider"]
[Result "1-0"]
[WhiteElo "1764"]
[BlackElo "1463"]

1. e4 e6 2. d4 d5 3. exd5 Qxd5 4. Nc3 Bb4 5. Ne2 Nf6 6. a3 Bxc3+ 7. Nxc3 Qh5 8.
Qxh5 Nxh5 9. Be2 Nf4 10. Bxf4 O-O 11. O-O-O Na6 12. Nb5 c6 13. Nd6 h6 14. Nxc8
Raxc8 15. Bxa6 bxa6 16. Rhe1 g5 17. Be5 f6 18. Bd6 Rfe8 19. Bc5 f5 20. Re5 f4
21. Rde1 Kf7 22. Bxa7 Rc7 23. Bc5 Kf6 24. c4 g4 25. b4 Rd7 26. R1e4 f3 27. Rxg4
fxg2 28. Rxg2 Rg7 29. Rxg7 Kxg7 30. d5 Kf6 31. f4 Kf7 32. dxe6+ Rxe6 33. Rxe6
Kxe6 34. Kd2 h5 35. Ke3 Kf5 36. Bd6 Ke6 37. c5 1-0

[Event "Challenge"]
[Site "http://www.queenalice.com/game.php?id=197381"]
[Date "2007.4.15"]
[Round "-"]
[White "outsider"]
[Black "Kronista"]
[Result "0-1"]
[WhiteElo "1446"]
[BlackElo "1749"]

1. e4 e5 2. d4 Bb4+ 3. c3 Ba5 4. dxe5 Nc6 5. Nf3 f6 6. exf6 Nxf6 7. Bg5 O-O 8.
e5 h6 9. exf6 hxg5 10. Qd5+ Kh8 11. fxg7+ Kxg7 12. Qxg5+ Qxg5 13. Be2 Qg6 14.
Nbd2 d6 15. b4 Bb6 16. a4 a5 17. Nh4 Bxf2+ 18. Kd1 Bxh4 19. g3 Bg5 20. b5 Bxd2
21. Kxd2 Bg4 22. bxc6 bxc6 23. Bxg4 Qxg4 24. Rhe1 Rf2+ 25. Kc1 Rb8 26. Ra3 Qg5+
0-1

[Event "Challenge"]
[Site "http://www.queenalice.com/game.php?id=198793"]
[Date "2007.4.18"]
[Round "-"]
[White "outsider"]
[Black "Beyonder"]
[Result "0-1"]
[WhiteElo "1446"]
[BlackElo "1901"]

1. e4 e5 2. Nc3 Bc5 3. Qf3 Nf6 4. d3 Nc6 5. Bg5 Nd4 6. Qd1 d6 7. Nd5 Be6 8. c3
Nc6 9. Bxf6 gxf6 10. b4 Bb6 11. Qf3 Bxd5 12. exd5 Nb8 13. c4 a5 14. b5 Nd7 15.
Ne2 Qe7 16. Ng3 O-O-O 17. Nf5 Qf8 18. g3 a4 19. O-O-O Kb8 20. Bh3 h5 21. Nh4 Bd4
22. Bxd7 Rxd7 23. Qxf6 a3 24. Kb1 c6 25. f4 Kc7 26. Nf5 Bb2 27. Rhe1 exf4 28.
dxc6 Bxf6 29. cxd7 Kxd7 30. gxf4 Qa8 31. d4 Qa5 32. Rd3 Qb4+ 33. Rb3 Qxe1+ 34.
Kc2 Qe4+ 35. Kc1 Qxf5 36. Rxa3 Bxd4 37. Rf3 Rg8 38. a4 Rg2 0-1

[Event "Challenge"]
[Site "http://www.queenalice.com/game.php?id=232387"]
[Date "2007.6.29"]
[Round "-"]
[White "outsider"]
[Black "Beyonder"]
[Result "0-1"]
[WhiteElo "1483"]
[BlackElo "1878"]

1. c3 e5 2. e4 Nf6 3. d3 Bc5 4. d4 exd4 5. cxd4 Bb4+ 6. Bd2 Qe7 7. e5 Bxd2+ 8.
Nxd2 Nd5 9. Rc1 d6 10. Qe2 O-O 11. Qc4 c6 12. Be2 Be6 13. Qa4 b5 14. Qa3 dxe5
15. Qxe7 Nxe7 16. dxe5 Ng6 17. Ngf3 Re8 18. O-O Nf4 19. Bd1 Bd5 20. Re1 Nd3 21.
Bb3 Nxc1 22. Bxd5 cxd5 23. Rxc1 a6 24. Nb3 g6 25. Rc7 h6 26. Nc5 Kf8 27. Nd3 a5
28. Nd4 b4 29. Nb5 Ra6 30. Nd6 Rd8 31. Nxf7 h5 32. Nxd8 Ke8 33. Nb7 Rc6 34. Rxc6
Nxc6 35. Nf4 Nxe5 36. Nxd5 Nc6 37. Nd6+ Kd7 38. Nf7 Ke6 39. Nxb4 Nxb4 40. Ng5+
Kf5 41. a3 Nd3 42. Nf3 Nxb2 43. Nd4+ Ke4 44. Nc6 a4 45. f3+ Kf4 0-1